Simple listening activities /

This book contains thirty activities at elementary level, all of them dealing with topics which form part of everybody's daily lives, for example families and leisure activities...

Tallennettuna:
Bibliografiset tiedot
Päätekijä: Hadfield, Jill, 1952-
Muut tekijät: Hadfield, Charles.
Aineistotyyppi: Kirja
Kieli:English
Julkaistu: Oxford : Oxford University Press, 1999.
Aiheet:
Tagit: Lisää tagi
Ei tageja, Lisää ensimmäinen tagi!
Thư viện lưu trữ: Mạng thư viện Đại học Đà Nẵng
LEADER 01106cam a2200349 i 4500
001 000047977
003 7673
005 20030313082204.0
008 010326|1999 vm 000 eng
020 |a 0194421686 
040 |a IRC  |c IRC  |d IRC 
041 0 |a eng 
082 1 4 |a 428.34  |b HA-J 
100 1 |a Hadfield, Jill,  |d 1952- 
245 0 0 |a Simple listening activities /  |c Jill Hadfield, Charles Hadfield. 
260 |a Oxford :  |b Oxford University Press,  |c 1999. 
300 |a 67 p. :  |b ill. ;  |c 26.5cm. 
520 3 |a This book contains thirty activities at elementary level, all of them dealing with topics which form part of everybody's daily lives, for example families and leisure activities... 
630 0 4 |a English language. 
630 0 4 |a Spoken English. 
650 0 4 |a English language  |x Spoken English  |x Study and teaching. 
700 1 |a Hadfield, Charles. 
OWN |a DUT 
999 |a From the UDN01 
TYP |a Monograph 
TYP |a Printed language 
980 |a Mạng thư viện Đại học Đà Nẵng